Southville International School and Colleges
Your cart is empty.
  • Cart
  • Lists
    Public lists Eva Luna New books Lux_list list_1
    Your lists Log in to create your own lists
  • Log in to your account
  • Your cookies
  • Search history
Southville International School and Colleges
  • Advanced search
  • Recent comments
  • Most popular
  • Libraries

Log in to your account

Log in with GOOGLE


If you do not have an external account, but do have a local account, you can still log in:

  1. Home
  2. MARC view: Closing the achievement gap :
Normal view MARC view ISBD view

Closing the achievement gap : (Record no. 12494)

[ view plain ]
MARC details
000 -LEADER
fixed length control field 01412cam a2200349 a 4500
001 - CONTROL NUMBER
control field 13346363
003 - CONTROL NUMBER IDENTIFIER
control field OSt
005 - DATE AND TIME OF LATEST TRANSACTION
control field 20160610134121.0
008 - FIXED-LENGTH DATA ELEMENTS--GENERAL INFORMATION
fixed length control field 030917s2003 vaua b 001 0 eng
010 ## - LIBRARY OF CONGRESS CONTROL NUMBER
LC control number 2003020786
020 ## - INTERNATIONAL STANDARD BOOK NUMBER
International Standard Book Number 9780871208385 (pbk.)
040 ## - CATALOGING SOURCE
Original cataloging agency DLC
Transcribing agency DLC
Modifying agency DLC
043 ## - GEOGRAPHIC AREA CODE
Geographic area code n-us---
050 00 - LIBRARY OF CONGRESS CALL NUMBER
Classification number LC 4091
Item number .C56 2004
082 00 - DEWEY DECIMAL CLASSIFICATION NUMBER
Classification number GLT 370.91
Item number W67 2003
245 00 - TITLE STATEMENT
Title Closing the achievement gap :
Remainder of title a vision for changing beliefs and practices /
Statement of responsibility, etc edited by Belinda Williams.
250 ## - EDITION STATEMENT
Edition statement 2nd ed.
260 ## - PUBLICATION, DISTRIBUTION, ETC. (IMPRINT)
Place of publication, distribution, etc Alexandria, Va. :
Name of publisher, distributor, etc Association for Supervision and Curriculum Development,
Date of publication, distribution, etc 2004.
300 ## - PHYSICAL DESCRIPTION
Extent 207 p. :
Other physical details ill. ;
Dimensions 23 cm.
500 ## - GENERAL NOTE
General note Includes bibliographical references and index.
650 #0 - SUBJECT ADDED ENTRY--TOPICAL TERM
Topical term or geographic name as entry element Children with social disabilities
General subdivision Education
Geographic subdivision United States.
9 (RLIN) 22365
650 #0 - SUBJECT ADDED ENTRY--TOPICAL TERM
Topical term or geographic name as entry element Education, Urban
General subdivision Social aspects
Geographic subdivision United States.
9 (RLIN) 22366
650 #0 - SUBJECT ADDED ENTRY--TOPICAL TERM
Topical term or geographic name as entry element Academic achievement
Geographic subdivision United States.
9 (RLIN) 22367
650 #0 - SUBJECT ADDED ENTRY--TOPICAL TERM
Topical term or geographic name as entry element Educational change
Geographic subdivision United States.
9 (RLIN) 22368
700 0# - ADDED ENTRY--PERSONAL NAME
Personal name Williams, Belinda.
9 (RLIN) 22369
710 2# - ADDED ENTRY--CORPORATE NAME
Corporate name or jurisdiction name as entry element Association for Supervision and Curriculum Development.
9 (RLIN) 149
856 41 - ELECTRONIC LOCATION AND ACCESS
Materials specified Table of contents
Uniform Resource Identifier <a href="http://www.loc.gov/catdir/toc/ecip049/2003020786.html">http://www.loc.gov/catdir/toc/ecip049/2003020786.html</a>
906 ## - LOCAL DATA ELEMENT F, LDF (RLIN)
a 7
b cbc
c orignew
d 1
e ecip
f 20
g y-gencatlg
942 ## - ADDED ENTRY ELEMENTS (KOHA)
Source of classification or shelving scheme Library of Congress Classification
Koha item type Books
Holdings
Withdrawn status Lost status Source of classification or shelving scheme Damaged status Home library Current library Shelving location Date acquired Source of acquisition Total Checkouts Full call number Barcode Date last seen Copy number Price effective from Koha item type
    Library of Congress Classification   Luxembourg Library Luxembourg Library Genevive Ledesma - Tan Section 10/01/2013 Donation   LC 4091 .C56 2004 17453 10/01/2013 1 10/01/2013 Books

Closing the achievement gap :

APA

Williams B., Association for Supervision and Curriculum Development, . (2004). Closing the achievement gap. Alexandria, Va: Association for Supervision and Curriculum Development.

Chicago

Williams Belinda, Association for Supervision and Curriculum Development, . 2004. Closing the achievement gap. Alexandria, Va: Association for Supervision and Curriculum Development.

Harvard

Williams B., Association for Supervision and Curriculum Development, . (2004). Closing the achievement gap. Alexandria, Va: Association for Supervision and Curriculum Development.

MLA

Williams Belinda, Association for Supervision and Curriculum Development, . Closing the achievement gap. Alexandria, Va: Association for Supervision and Curriculum Development. 2004.

  • Place hold
  • Print
  • Cite
  • Add to your cart (remove)
  • Save record
    BIBTEX Dublin Core MARCXML MARC (non-Unicode/MARC-8) MARC (Unicode/UTF-8) MARC (Unicode/UTF-8, Standard) MODS (XML) RIS
  • More searches
    Search for this title in:
    Other Libraries (WorldCat) Other Databases (Google Scholar) Online Stores (Bookfinder.com) Open Library (openlibrary.org)

Exporting to Dublin Core...

SOUTHVILLE LIBRARY

Southville International School and Colleges Library

1281 Tropical Ave. Cor. Luxembourg St., BF Homes International, Las Pinas City

Tel. No. 8256374 / 252358 Loc. 117/146

Powered by Koha